Makers of modern strategy : (Record no. 11065)
[ view plain ]
| 000 -LEADER | |
|---|---|
| fixed length control field | 01205cam a2200313 a 4500 |
| 001 - CONTROL NUMBER | |
| control field | 1914802 |
| 005 - DATE AND TIME OF LATEST TRANSACTION | |
| control field | 20081020143047.0 |
| 008 - FIXED-LENGTH DATA ELEMENTS--GENERAL INFORMATION | |
| fixed length control field | 850724s1986 nju b 001 0 eng |
| 010 ## - LIBRARY OF CONGRESS CONTROL NUMBER | |
| LC control number | 85017029 |
| 020 ## - INTERNATIONAL STANDARD BOOK NUMBER | |
| International Standard Book Number | 0691092354 : |
| Terms of availability | $55.00 |
| 020 ## - INTERNATIONAL STANDARD BOOK NUMBER | |
| International Standard Book Number | 0691027641 (pbk.) : |
| Terms of availability | $12.95 |
| 040 ## - CATALOGING SOURCE | |
| Original cataloging agency | DLC |
| Transcribing agency | DLC |
| Modifying agency | DLC |
| 050 00 - LIBRARY OF CONGRESS CALL NUMBER | |
| Classification number | U162 |
| Item number | .M25 1986 |
| 082 00 - DEWEY DECIMAL CLASSIFICATION NUMBER | |
| Classification number | 355.02 |
| Edition number | 19 |
| Item number | MAK |
| 245 00 - TITLE STATEMENT | |
| Title | Makers of modern strategy : |
| Remainder of title | From Machiavelli to the nuclear age / |
| Statement of responsibility, etc | Edited by Peter Paret with the collaboration of Gordon A. Craig and Felix Gilbert. |
| 260 ## - PUBLICATION, DISTRIBUTION, ETC. (IMPRINT) | |
| Place of publication, distribution, etc | Princeton, N.J. : |
| Name of publisher, distributor, etc | Princeton University Press, |
| Date of publication, distribution, etc | c1986. |
| 300 ## - PHYSICAL DESCRIPTION | |
| Extent | vii, 941 p. ; |
| Dimensions | 24 cm. |
| 490 0# - Series Statement | |
| Series statement | Princeton paperbacks |
| 500 ## - GENERAL NOTE | |
| General note | Includes index. |
| 504 ## - BIBLIOGRAPHY, ETC. NOTE | |
| Bibliography, etc | Bibliography: p. 877-932. |
| 650 #0 - SUBJECT ADDED ENTRY--TOPICAL TERM | |
| Topical term or geographic name as entry element | Strategy. |
| 650 #0 - SUBJECT ADDED ENTRY--TOPICAL TERM | |
| Topical term or geographic name as entry element | Military art and science. |
| 650 #0 - SUBJECT ADDED ENTRY--TOPICAL TERM | |
| Topical term or geographic name as entry element | Military history, Modern. |
| 700 1# - ADDED ENTRY--PERSONAL NAME | |
| Personal name | Paret, Peter. |
| 700 1# - ADDED ENTRY--PERSONAL NAME | |
| Personal name | Craig, Gordon Alexander, |
| Dates associated with a name | 1913- |
| 700 1# - ADDED ENTRY--PERSONAL NAME | |
| Personal name | Gilbert, Felix, |
| Dates associated with a name | 1905-1991. |
| 942 ## - ADDED ENTRY ELEMENTS (KOHA) | |
| Source of classification or shelving scheme | Dewey Decimal Classification |
| Item type | Book - Borrowing |
| Withdrawn status | Item status | Source of classification or shelving scheme | Damaged status | Not for loan | Vendor | Home library | Current library | Shelving location | Date acquired | Source of acquisition | Cost, normal purchase price | Serial Enumeration / chronology | Total Checkouts | Total Renewals | Full call number | Barcode | Date last seen | Date last borrowed | Koha item type |
|---|---|---|---|---|---|---|---|---|---|---|---|---|---|---|---|---|---|---|---|
| Dewey Decimal Classification | Baccah | Central Library | Central Library | First floor | 15/03/2009 | 240.00 | 7371 | 3 | 2 | 355.02 MAK | 000015411 | 15/07/2025 | 22/09/2014 | Book - Borrowing |